Hatırat (Kayıt no. 12541)

MARC ayrıntıları
000 -BAŞLIK
Sabit Uzunlukta Kontrol Alanı 00788na a2200277 4500
001 - KONTROL NUMARASI
Denetim Alanı 24601
003 - KONTROL NUMARASI IDENTIFIER
Denetim Alanı MIRAKIL
005 - SON İŞLEM TARİHİ VE ZAMANI
Denetim Alanı 20190109120944.0
008 - SABİT-BOY VERİ ELEMANLARI - GENEL BİLGİLER
Sabit Uzunlukta Kontrol Alanı 181217b tu 000 0
041 ## - DİL KODU
Metin / Ses Parça Veya Ayrı Başlığın Dil Kodu tur
082 ## - DEWEY ONLU SINIFLANDIRMA NUMARASI
Sınıflandırma Numarası 956.101543092
Ürün Numarası C35h 1996
090 ## - SINIFLAMA NUMARASI
Sınıflama Numarası 956.101543092 C35h 1996
100 ## - ANA GİRİŞ - KİŞİSEL İSİM
Kişisel Ad Cemal Paşa
Bir Adıyla İlişkilendirilen Tarihler 1872-1922
245 ## - BAŞLIK TABLOSU
Başlık Hatırat
Sorumluluk Tablosu, Vb Cemal Paşa ; yayına hazırlayan Metin Martı
250 ## - EDITION TABLOSU
Baskı Beyanı 5. bs.
260 ## - YAYIN, DAĞITIM, VB
Yayın, Dağıtım, Vb Yeri İstanbul
Yayıncı, Dağıtıcı, Vs Adı Arma yayınları
Yayın, Dağıtım, Vb Tarihi 1996
300 ## - FİZİKSEL TANIM
Kapsam 399 s.
Boyutlar 20 sm.
440 ## - SERİSİ TABLOSU / KATMA GİRİŞİ - BAŞLIK
Başlık Arma yayınları
Hacim / Ardışık Tanımı 17
490 ## - SERİSİ TABLOSU
Seri Beyanı Tarih-Anı
Hacim / Ardışık Tanımı 6
504 ## - KAYNAKÇA VB NOT
Kaynakça Vb Notu Dizin var.
600 ## - KONU KATMA GİRİŞ - KURUMSAL ADI
Kişisel Ad Cemal Paşa
Bir Adıyla İlişkilendirilen Tarihler 1872-1922
Genel Alt Bölümü Anılar
600 ## - KONU KATMA GİRİŞ - KURUMSAL ADI
Kişisel Ad Cemal Paşa
Bir Adıyla İlişkilendirilen Tarihler 1872-1922
Genel Alt Bölümü Yaşamöyküsü
650 ## - KONU KATMA GİRİŞ - TOPİKAL DÖNEM
Topikal Süreli Veya Coğrafi Ad Giriş Elemanı Türkiye
Genel Alt Bölümü Tarih
700 ## - KATMA GİRİŞ - KİŞİSEL İSİM
Kişisel Ad Martı, Metin
Relator Terim yay. haz.
942 ## - EKLENDİ GİRİŞ ELEMANLARI (KOHA)
Sınıflandırma Veya Raf Düzeni Kaynak Dewey Decimal Classification
Koha Öğesi Türü Kitaplar
999 ## - SİSTEM KONTROL NUMARALARI (KOHA)
Koha Biblionumber 12541
Koha Biblioitemnumber 12541
Mevcut
Kalıcı Konum Mevcut Konum Edinme Tarihi Edinim Kaynak Toplam Check-Out'Lar Tam Çağrı Numarası Barkod Tarih Son Görülme İtibaren Geçerli Fiyatlar Koha Öğesi Türü
CHP Kütüphanesi CHP Kütüphanesi 01/09/2019 Bağış   956.101543092 C35h 1996 018678 01/09/2019 01/09/2019 Kitaplar